Balance de siglo y medio /
Guardado en:
| Autor Principal: | |
|---|---|
| Formato: | Libro |
| Idioma: | Undetermined |
| Publicado: |
Buenos Aires :
Ediciones Theoría,
1966.
|
| Materias: | |
| Etiquetas: |
Agregar Etiqueta
Sin Etiquetas, Sea el primero en etiquetar este registro!
|
| LEADER | 00502nam a22001575a 4500 | ||
|---|---|---|---|
| 001 | EHU.bham047813 | ||
| 005 | 20110815145339.0 | ||
| 008 | 110815s1966####ag############000#0#und#d | ||
| 100 | 1 | |a Irazusta, Julio. | |
| 245 | 0 | 0 | |a Balance de siglo y medio / |c Julio Irazusta. |
| 260 | |a Buenos Aires : |b Ediciones Theoría, |c 1966. | ||
| 300 | |a 268 p. | ||
| 653 | |a Historia argentina | ||
| 653 | |a Política argentina | ||
| 653 | |a Economía argentina | ||
| 859 | |a AR-BHAM |b BIB. HUMANIDADES - Donacion Lejarraga |h MFN002032 |p 002032.19 | ||
